000 00510nam a2200217Ia 4500
003 LK-CoDNM
005 20240307101004.0
008 010623t1933 xxu||||| |||| 00| 1 sin d
040 _aLK-CoDNM
_dLK-CoDNM
_eLK-CoDNM
041 _asin
080 _a104 AA4
100 _aSirinayaka,H.D
245 _aසිප්සතර
246 _aSipsatara
260 _bSrilankodaya
_aColombo
_c1933
300 _bDamaged
_a16p.,27 cm
650 _aArt
650 _aAstrology
650 _aPoetry
942 _cBK
999 _c96970
_d96970